| 000 | ntm a22 7a 4500 | ||
|---|---|---|---|
| 999 |
_c346193 _d346193 |
||
| 003 | BLK | ||
| 005 | 20191025154604.0 | ||
| 008 | 191025b bu ||||| |||| 00| 0 bu d | ||
| 040 | _aBLK | ||
| 041 |
_aBUL _cBUL |
||
| 080 |
_aЗападноевропейска литература _b821.11/821.134 _z821.11/821.134 |
||
| 245 |
_aФренски романтизъм _bОноре дьо Балзак : Ръкописни бележки : Събрани от Михаил Арнаудов |
||
| 380 | _a82 | ||
| 490 |
_9396381 _aЧастна колекция - Академик Михаил Арнаудов _gДарение - Основен фонд |
||
| 500 | _aМатериалите са в плик с адрес: Prof. Dr. M. Arnaudov. Sofija Bulgarie. Ul. Dobrudza 7. | ||
| 505 |
_tРъкописни бележки. - 5 л. _tИзрезка Balzak au Panteon - в. Le Petit journal 7.07. 1910 . - La Canne de M. de Balsac. |
||
| 600 | 0 |
_9376104 _aБалзак, Оноре дьо |
|
| 852 | _aМА 5076 | ||
| 942 |
_cMNS _n0 _s1 |
||
| 999 | _d346175 | ||
| 999 | _d346175 | ||
| 999 | _d346175 | ||